Central Library OPAC University of Rajshahi

Common sense about the common market : (Record no. 58782)

MARC details
000 -LEADER
fixed length control field 00672nam a2200217 a 4500
001 - CONTROL NUMBER
control field 58782
003 - CONTROL NUMBER IDENTIFIER
rucl marc code BD-RjUL
005 - DATE AND TIME OF LATEST TRANSACTION
control field 20211209080646.0
008 - FIXED-LENGTH DATA ELEMENTS--GENERAL INFORMATION
fixed length control field 161219s1958 nyu||||| |||| 001 0 eng d
035 ## - SYSTEM CONTROL NUMBER
System control number (BD-RjUL)58906
040 ## - CATALOGING SOURCE
Modifying agency BD-RjUL
Language of cataloging eng
Original cataloging agency BD-RjUL
Transcribing agency BD-RjUL
041 ## - LANGUAGE CODE
Language code of text/sound track or separate title eng
082 04 - DEWEY DECIMAL CLASSIFICATION NUMBER
Classification number 382.71094
Edition number 23
Author mark and year STC 1958
100 1# - MAIN ENTRY--PERSONAL NAME
Personal name Strauss, E.
Fuller form of name (Erich),
Dates associated with a name 1911-1981.
9 (RLIN) 174756
245 10 - TITLE STATEMENT
Title Common sense about the common market :
Remainder of title Germany and Britain in post-war Europe /
Statement of responsibility, etc. E Strauss
260 ## - PUBLICATION, DISTRIBUTION, ETC. (IMPRINT)
Place of publication, distribution, etc. New York :
Name of publisher, distributor, etc. Rinehart and com.
Date of publication, distribution, etc. c1958
300 ## - PHYSICAL DESCRIPTION
Pagination 168 p.
Size 22 cm.
500 ## - GENERAL NOTE
General note Includes index
651 #0 - SUBJECT ADDED ENTRY--GEOGRAPHIC NAME
Geographic name Europe
General subdivision Economic integration.
9 (RLIN) 172717
942 ## - ADDED ENTRY ELEMENTS (KOHA)
Source of classification or shelving scheme Dewey Decimal Classification
Koha item type Books
Holdings
Lost status Source of classification or shelving scheme Damaged status Not for loan Collection code Permanent Location Current Location Shelving location Date acquired Source of acquisition Total Checkouts Full call number Date last seen Copy number Koha item type
  Dewey Decimal Classification   Not For Loan Non-fiction Central Library, University of Rajshahi Central Library, University of Rajshahi Reading Room 04/02/1985 Socio Eco.Bord   382.71094 STC 1958 19/12/2016 C-1 Books